00425nam a2200169Ia 4500008004100000020001000041040001900051041001200070082002300082100001600105245002500121260003100146300001900177650002300196651002000219850001600239131103s9999 xx 000 0 und d cRs.80 aLoreto College aEnglish aF/COObLCBED/11491 aCook, Robin aOutbreakcRobin Cook aCalcuutabRupa & Co.c1994 a366p. c 18cm. aEnglish literature aEnglish fiction aLCBED/F/COO